000 00322nam a2200133 4500
999 _c510007
_d510007
008 190712b ||||| |||| 00| 0 eng d
100 _aNinan, T.N.
_97052
245 _aAssessing achhe din
260 _c2019
300 _ap.26-33.
773 _aSeminar
906 _aPolitics and government - India
942 _2ddc
_cAR